[Event "ECU-ch U16"]
[Site "Guayaquil"]
[Date "2019.04.21"]
[Round "9"]
[White "Velin Vizuma, Juan Pablo"]
[Black "Lopez Revelo, Luis"]
[Result "1/2-1/2"]
[WhiteElo "1482"]
[BlackElo "1348"]
[PlyCount "121"]
[EventDate "2019.04.17"]
[EventType "swiss"]
[EventRounds "9"]
[EventCountry "ECU"]
[SourceTitle "CBM 190 Extra"]
[Source "ChessBase"]
[SourceDate "2019.07.15"]
[SourceVersion "1"]
[SourceVersionDate "2019.07.15"]
[SourceQuality "1"]

1. e4 e5 2. Nf3 Nc6 3. d4 exd4 4. Bc4 d6 5. Nxd4 Nf6 6. Nxc6 bxc6 7. Nc3 Be7 8. 0-0 0-0 9. Bb3 Ba6 10. Re1 h6 11. Bf4 Rb8 12. e5 dxe5 13. Qxd8 Rfxd8 14. Bxe5 Rd7 15. Rad1 Rbd8 16. Rxd7 Rxd7 17. Ba4 Bb7 18. Bxf6 Bxf6 19. Ne4 Be7 20. Ng3 Bf6 21. h3 Kf8 22. Re3 Rd4 23. Ra3 Rb4 24. Bb3 a6 25. c3 Rb5 26. Bc4 Rxb2 27. Bxa6 Bxa6 28. Rxa6 Bxc3 29. Nf5 Ke8 30. Rxc6 Be5 31. g3 Rxa2 32. f4 Kd7 33. Rc1 Bf6 34. g4 Ra4 35. g5 Rxf4 36. Rd1+ Kc8 37. gxf6 Rxf5 38. fxg7 Rg5+ 39. Kf2 Rxg7 40. Rd4 Kb7 41. Rh4 Rg6 42. Rf4 f6 43. Kf3 Kc6 44. Ke4 Kd6 45. Kf5 Rg8 46. Rh4 Ke7 47. Rxh6 Rg5+ 48. Ke4 Re5+ 49. Kd4 c5+ 50. Kc4 f5 51. Rg6 Kf7 52. Ra6 f4 53. Rb6 Rf5 54. Ra6 f3 55. Ra1 Kg6 56. Kd3 Kg5 57. Ke3 Kh4 58. Rf1 Kg3 59. Rg1+ Kh2 60. Kf2 c4 61. Rc1 1/2-1/2